[Event "M.Chigorin Memorial"]
[Site "St. Petersburg RUS"]
[Date "2009.10.19"]
[Round "4.102"]
[White "Zheleznaykov, Peter"]
[Black "Marzano, Carlo"]
[Result "1/2-1/2"]
[WhiteElo "1990"]
[BlackElo "2209"]
[PlyCount "96"]
[EventDate "2009.??.??"]

1. d4 Nf6 2. c4 Nc6 3. Nf3 e6 4. Nc3 Bb4 5. Qc2 d6 6. a3 Bxc3+ 7. Qxc3 a5 8. e3
O-O 9. Bd3 e5 10. Nd2 exd4 11. exd4 Re8+ 12. Kf1 d5 13. Nf3 Nb4 14. Bg5 Nxd3
15. Qxd3 b6 16. Kg1 Ba6 17. h3 dxc4 18. Qc3 h6 19. Bh4 g5 20. Bg3 Nd5 21. Qd2
Qf6 22. Kh2 Qf5 23. Rhe1 f6 24. Rad1 Kf7 25. Qc1 b5 26. Rxe8 Rxe8 27. Re1 Rxe1
28. Qxe1 b4 29. axb4 axb4 30. Qa1 Qe6 31. Qa5 Qc6 32. Ne1 b3 33. Qa3 Qb5 34.
Nf3 c3 35. bxc3 b2 36. c4 Qb7 37. Nd2 Bxc4 38. Qa4 Bd3 39. Qd7+ Ne7 40. Bd6 Qd5
41. Qxe7+ Kg6 42. Qe8+ Qf7 43. Qxf7+ Kxf7 44. Bxc7 Ke6 45. Ba5 h5 46. Bc3 b1=Q
47. Nxb1 Bxb1 48. Kg3 Be4 1/2-1/2

[Event "M.Chigorin Memorial"]
[Site "St. Petersburg RUS"]
[Date "2009.10.19"]
[Round "4.103"]
[White "Emdin, Mark"]
[Black "Merzliakov, Evgeny"]
[Result "1/2-1/2"]
[WhiteElo "1946"]
[BlackElo "2207"]
[PlyCount "96"]
[EventDate "2009.??.??"]

1. d4 e6 2. Nf3 b6 3. e4 Bb7 4. Bd3 d6 5. Qe2 Nd7 6. O-O g6 7. Bg5 Ne7 8. Nbd2
Bg7 9. c3 O-O 10. Qe3 Qe8 11. Nh4 f6 12. Bh6 f5 13. exf5 Nxf5 14. Nxf5 exf5 15.
Bxg7 Kxg7 16. Rfe1 Qxe3 17. Rxe3 Rae8 18. Rae1 Nf6 19. Bb5 Rxe3 20. Rxe3 Nd5
21. Re1 Rf7 22. Bf1 Re7 23. Rxe7+ Nxe7 24. g3 g5 25. Bg2 Bxg2 26. Kxg2 Kf6 27.
f4 g4 28. Kf2 h5 29. Nf1 c5 30. Ke2 h4 31. Kd3 h3 32. Kc4 a6 33. dxc5 dxc5 34.
a4 Ke6 35. b4 cxb4 36. cxb4 Nd5 37. a5 bxa5 38. bxa5 Kd6 39. Kd4 Ne7 40. Ne3
Nc6+ 41. Kd3 Ke6 42. Nc4 Ke7 43. Ne3 Ke6 44. Nc4 Nb4+ 45. Kd4 Nd5 46. Nd2 Kd6
47. Nc4+ Ke6 48. Nd2 Kd6 1/2-1/2

[Event "M.Chigorin Memorial"]
[Site "St. Petersburg RUS"]
[Date "2009.10.19"]
[Round "4.104"]
[White "Naumenko, Oleg"]
[Black "Klepikov, Nikita"]
[Result "1-0"]
[WhiteElo "2207"]
[BlackElo "1873"]
[PlyCount "51"]
[EventDate "2009.??.??"]

1. e4 c5 2. Nf3 d6 3. d4 cxd4 4. Nxd4 Nf6 5. Nc3 Nc6 6. Bg5 g6 7. Bxf6 exf6 8.
Bc4 Bg7 9. Ndb5 O-O 10. Qxd6 Qxd6 11. Nxd6 Nb4 12. O-O-O a6 13. a3 Nc6 14. Nd5
Na5 15. Ne7+ Kh8 16. Nxf7+ Rxf7 17. Bxf7 Bh6+ 18. Kb1 Kg7 19. Ba2 b5 20. Rd8
Bb7 21. Rhd1 Bg5 22. R1d7 Kh6 23. Rxa8 Bxa8 24. f3 Be3 25. h4 Bf2 26. Ng8+ 1-0

[Event "M.Chigorin Memorial"]
[Site "St. Petersburg RUS"]
[Date "2009.10.19"]
[Round "4.105"]
[White "Fedotov, Konstantin"]
[Black "Solovyov, Viktor"]
[Result "1-0"]
[WhiteElo "1891"]
[BlackElo "2204"]
[PlyCount "85"]
[EventDate "2009.??.??"]

1. e4 e5 2. Nf3 Nc6 3. Bb5 Nf6 4. O-O Nxe4 5. Re1 Nd6 6. Bxc6 dxc6 7. Nxe5 Be7
8. d4 O-O 9. h3 Nf5 10. c3 Be6 11. Bf4 c5 12. dxc5 Bxc5 13. Nd2 Be7 14. Qc2 Qd5
15. Nef3 Qc6 16. Re5 Nh4 17. Nxh4 Bxh4 18. Rh5 Bxf2+ 19. Kxf2 f5 20. Nf3 g6 21.
Rg5 Qe4 22. Qc1 Rfe8 23. Rg3 Bc4 24. Kg1 c5 25. Bh6 Rad8 26. Qg5 Qc6 27. Ne5
Qd5 28. Nxg6 Kf7 29. Nf4 Qe5 30. Qg7+ Qxg7 31. Rxg7+ Kf6 32. Rxb7 Rd2 33. h4
Rg8 34. Nh5+ Kg6 35. Bxd2 Kxh5 36. Rxh7+ Kg4 37. b3 Bd5 38. c4 Be4 39. Rf1 Kg3
40. Bf4+ Kg4 41. Be5 Re8 42. Rf4+ Kg3 43. Rg7# 1-0

[Event "M.Chigorin Memorial"]
[Site "St. Petersburg RUS"]
[Date "2009.10.19"]
[Round "4.106"]
[White "Esipovich, Stanislav"]
[Black "Kobzar, Alexandr"]
[Result "0-1"]
[WhiteElo "1777"]
[BlackElo "2198"]
[PlyCount "50"]
[EventDate "2009.??.??"]

1. d4 Nf6 2. c4 g6 3. Nc3 Bg7 4. g3 O-O 5. Bg2 d6 6. Nf3 Nc6 7. e4 e5 8. d5 Ne7
9. O-O h6 10. h3 Ne8 11. Ne1 f5 12. Nd3 Nf6 13. c5 fxe4 14. cxd6 cxd6 15. Nb4
Nf5 16. Nxe4 Bd7 17. Nc2 Rc8 18. Ne3 Bb5 19. Re1 Nd4 20. Nxf6+ Qxf6 21. Ng4 Qf7
22. Nxh6+ Bxh6 23. Bxh6 Qxf2+ 24. Kh1 Rc2 25. Bd2 Rxd2 0-1

[Event "M.Chigorin Memorial"]
[Site "St. Petersburg RUS"]
[Date "2009.10.19"]
[Round "4.107"]
[White "Pochinkov, Andrey"]
[Black "Fedoseeva, Valentina"]
[Result "1-0"]
[WhiteElo "2197"]
[BlackElo "1762"]
[PlyCount "57"]
[EventDate "2009.??.??"]

1. Nf3 Nf6 2. b3 b6 3. Bb2 Bb7 4. e3 e6 5. d4 d5 6. Nbd2 c5 7. Bd3 Nbd7 8. O-O
Bd6 9. Ne5 O-O 10. Qe2 Qc7 11. f4 a6 12. a4 Ne4 13. Bxe4 dxe4 14. Ndc4 Rad8 15.
Nxd6 Qxd6 16. Nc4 Qc6 17. f5 a5 18. dxc5 Nxc5 19. f6 Ba6 20. Qg4 g6 21. Qg5 Kh8
22. Qh6 Rg8 23. Rf4 g5 24. Ne5 Qe8 25. Rg4 Rc8 26. Rg3 g4 27. Rxg4 Rxg4 28.
Nxg4 Qg8 29. Qg7+ 1-0

[Event "M.Chigorin Memorial"]
[Site "St. Petersburg RUS"]
[Date "2009.10.19"]
[Round "4.114"]
[White "Kovalenko, Vladimir"]
[Black "Styazhkina, Anna"]
[Result "1-0"]
[WhiteElo "2153"]
[BlackElo "2059"]
[PlyCount "105"]
[EventDate "2009.??.??"]

1. d4 d5 2. c4 c6 3. Nf3 Nf6 4. Nc3 dxc4 5. a4 Bf5 6. e3 e6 7. Bxc4 Bb4 8. O-O
O-O 9. Qe2 Nbd7 10. Rd1 Qe7 11. e4 Bg6 12. Bg5 h6 13. Bh4 Qe8 14. e5 Nd5 15.
Ne4 N7b6 16. Nc5 Bxc5 17. dxc5 Nxc4 18. Qxc4 Bh5 19. g4 Bg6 20. Ra3 Bh7 21. Qc1
Kh8 22. Rd4 b6 23. Rc4 Rc8 24. h3 Qd7 25. cxb6 axb6 26. b4 b5 27. Rd4 bxa4 28.
Rxa4 Qb7 29. Qc5 Ra8 30. Nd2 Rfb8 31. Ra5 Rxa5 32. bxa5 Ra8 33. Bg3 Qa7 34.
Qxa7 Rxa7 35. Ra4 Bc2 36. Ra3 c5 37. f3 Nb4 38. Bf2 Nd3 39. Rc3 Nxf2 40. Kxf2
Bg6 41. Rxc5 Bd3 42. Ke3 Ba6 43. Nb3 Rb7 44. Nd4 Kh7 45. h4 Kg8 46. Rc8+ Kh7
47. Ra8 Bc4 48. Rc8 Bd5 49. Rc3 Ra7 50. Ra3 Ra6 51. Nc2 Ra7 52. Nb4 Bc4 53. Kd4
1-0

[Event "M.Chigorin Memorial"]
[Site "St. Petersburg RUS"]
[Date "2009.10.19"]
[Round "4.115"]
[White "Martynenko, Alexey"]
[Black "Karzev, Evgeny"]
[Result "0-1"]
[WhiteElo "2033"]
[BlackElo "2145"]
[PlyCount "82"]
[EventDate "2009.??.??"]

1. e4 d6 2. d4 g6 3. Nc3 Bg7 4. Be3 c6 5. Nf3 b5 6. Bd3 Nf6 7. h3 a6 8. O-O
Nfd7 9. a4 b4 10. Na2 a5 11. c3 bxc3 12. bxc3 O-O 13. Qd2 Nb6 14. Nc1 Be6 15.
Bh6 f6 16. Bxg7 Kxg7 17. Ne2 N8d7 18. Qc2 Bg8 19. c4 e5 20. c5 dxc5 21. dxc5
Nc8 22. Bc4 Qe7 23. Bxg8 Rxg8 24. Rfc1 Rb8 25. Ne1 Rd8 26. Nd3 Nf8 27. Rd1 Qf7
28. Ra3 Ne6 29. Re1 Rb7 30. f4 exf4 31. e5 g5 32. Qc3 Rbd7 33. Nec1 f5 34. Qxa5
Ne7 35. Qd2 Nd5 36. a5 Qe7 37. Qc2 g4 38. hxg4 fxg4 39. Qf2 g3 40. Qf3 Qh4 41.
Nxf4 Qh2+ 0-1

[Event "M.Chigorin Memorial"]
[Site "St. Petersburg RUS"]
[Date "2009.10.19"]
[Round "4.116"]
[White "Jafari, Golnaz"]
[Black "Utkin, Alexander"]
[Result "1/2-1/2"]
[WhiteElo "1999"]
[BlackElo "2134"]
[PlyCount "63"]
[EventDate "2009.??.??"]

1. e4 c5 2. Nf3 Nc6 3. d4 cxd4 4. Nxd4 Nf6 5. Nc3 e5 6. Ndb5 d6 7. a4 a6 8. Na3
Be7 9. Bg5 Bg4 10. f3 Be6 11. Bc4 O-O 12. Be3 Nb4 13. Nd5 Nbxd5 14. exd5 Nxd5
15. Bxd5 Qa5+ 16. c3 Qxd5 17. Qxd5 Bxd5 18. a5 Be6 19. O-O d5 20. Rfd1 g5 21.
Bb6 f5 22. Nc2 f4 23. Re1 Bf6 24. Bc7 e4 25. fxe4 dxe4 26. Rxe4 Bf5 27. Re2
Rfe8 28. Rae1 Kf7 29. Rxe8 Rxe8 30. Rxe8 Kxe8 31. Nd4 Bxd4+ 32. cxd4 1/2-1/2

[Event "M.Chigorin Memorial"]
[Site "St. Petersburg RUS"]
[Date "2009.10.19"]
[Round "4.117"]
[White "Reshetov, Valery"]
[Black "Kuzmin, Egor"]
[Result "1/2-1/2"]
[WhiteElo "2126"]
[BlackElo "1995"]
[PlyCount "105"]
[EventDate "2009.??.??"]

1. e4 c5 2. Nf3 Nc6 3. Be2 e6 4. O-O Nge7 5. Nc3 Ng6 6. Re1 Be7 7. Bf1 O-O 8.
d3 a6 9. g3 d6 10. Bg2 Qc7 11. h4 Nge5 12. Ng5 h6 13. Nh3 Nd7 14. f4 Nd4 15.
Ne2 Nxe2+ 16. Qxe2 e5 17. f5 b5 18. Be3 Bb7 19. Rf1 Qd8 20. Nf2 Kh7 21. Ng4 Nf6
22. Nxf6+ Bxf6 23. Qh5 Qe7 24. Rae1 Rad8 25. c4 Bc6 26. Bd2 Rh8 27. Bf3 Kg8 28.
Bd1 Rb8 29. b3 Kf8 30. Bc2 Ke8 31. Re2 Kd7 32. Ref2 b4 33. Qd1 a5 34. Rg2 Ra8
35. Rh2 Kc7 36. Bc1 Kb6 37. Rff2 Bd7 38. Rfg2 Bc6 39. Be3 Bd7 40. Qe1 h5 41.
Bd1 Kb7 42. Rb2 Kc7 43. Rhf2 a4 44. Rb1 a3 45. Qd2 Rh7 46. Bf3 Rah8 47. Rbf1
Bc6 48. Bg2 Kd7 49. Bh3 Kd8 50. Rf3 Bd7 51. Qf2 Bc6 52. Bd2 Qb7 53. Qe2 1/2-1/2

[Event "M.Chigorin Memorial"]
[Site "St. Petersburg RUS"]
[Date "2009.10.19"]
[Round "4.118"]
[White "Platonova, Lubov"]
[Black "Zykova, Antonina"]
[Result "1/2-1/2"]
[WhiteElo "1903"]
[BlackElo "2094"]
[PlyCount "36"]
[EventDate "2009.??.??"]

1. c4 e5 2. Nc3 Nc6 3. g3 g6 4. Bg2 Bg7 5. e4 d6 6. d3 Nge7 7. Nge2 Be6 8. h3
Qd7 9. Be3 Nd4 10. Nd5 c6 11. Nxe7 Qxe7 12. O-O O-O 13. f4 f5 14. Rc1 Qd7 15.
Kh2 Kh8 16. b3 Rae8 17. Nc3 Bg8 18. Qd2 a6 1/2-1/2

[Event "M.Chigorin Memorial"]
[Site "St. Petersburg RUS"]
[Date "2009.10.19"]
[Round "4.119"]
[White "Gogolev, Artem"]
[Black "Dushin, Nikolay"]
[Result "1-0"]
[WhiteElo "1830"]
[BlackElo "2090"]
[PlyCount "141"]
[EventDate "2009.??.??"]

1. e4 c5 2. Nf3 Nc6 3. g3 g6 4. Bg2 d6 5. O-O Bg4 6. h3 Bd7 7. d3 Bg7 8. Nc3
Rb8 9. Be3 Nd4 10. Qd2 Nxf3+ 11. Bxf3 Bxh3 12. Bg2 Bxg2 13. Kxg2 h5 14. d4 b6
15. Rh1 Qd7 16. f3 Rc8 17. Rad1 Qc6 18. Ne2 Qa4 19. c3 Qc6 20. Qd3 c4 21. Qd2
d5 22. e5 e6 23. Nf4 Nh6 24. Rh2 Nf5 25. Bf2 Kd7 26. Rdh1 Qa8 27. g4 hxg4 28.
fxg4 Rxh2+ 29. Rxh2 Ne7 30. Rh7 Rg8 31. Qd1 b5 32. a4 Qb8 33. axb5 Qxb5 34. Qa1
Nc8 35. Bh4 Ke8 36. Bg5 a5 37. Qa3 Bf8 38. Qa1 a4 39. Ne2 Qd7 40. Qh1 Qb7 41.
Bc1 Na7 42. Rh3 Nc6 43. Rf3 Bg7 44. Qh7 Ne7 45. Rf2 a3 46. bxa3 Qb1 47. Bh6
Qe4+ 48. Kh2 Bxh6 49. Qxh6 Qxg4 50. Ng3 Nf5 51. Qh3 Qxh3+ 52. Kxh3 Nxg3 53.
Kxg3 Ke7 54. a4 Ra8 55. Ra2 Ra5 56. Kf4 f6 57. Ra1 g5+ 58. Kg4 fxe5 59. dxe5
Kd7 60. Kxg5 Ra8 61. a5 Kc7 62. Kf6 Ra6 63. Ke7 Kc6 64. Kxe6 Kc5+ 65. Kf7 Ra7+
66. Kf6 Ra6+ 67. e6 d4 68. cxd4+ Kd5 69. Re1 c3 70. Kf7 Kxd4 71. e7 1-0

[Event "M.Chigorin Memorial"]
[Site "St. Petersburg RUS"]
[Date "2009.10.19"]
[Round "4.123"]
[White "Tzouvelekis, Ioannis"]
[Black "Salov, Vitaly V"]
[Result "0-1"]
[WhiteElo "1926"]
[BlackElo "2130"]
[PlyCount "102"]
[EventDate "2009.??.??"]

1. e4 e5 2. Nf3 Qe7 3. Bc4 d6 4. O-O Bg4 5. Nc3 c6 6. Be2 Nd7 7. d4 Ngf6 8. Be3
g6 9. h3 Bxf3 10. Bxf3 Bg7 11. Qd2 O-O 12. Rad1 Rfe8 13. Rfe1 Nb6 14. dxe5 dxe5
15. Bxb6 axb6 16. Qd6 Bf8 17. Qxe7 Bxe7 18. a3 b5 19. Na2 h5 20. h4 Kf8 21. g3
Bxa3 22. bxa3 Rxa3 23. Nb4 Rxf3 24. Nd3 Ng4 25. Kg2 Rf6 26. f3 Nh6 27. Nc5 Kg7
28. Nxb7 Ra8 29. Rd7 Ra2 30. Re2 b4 31. Nc5 Ra5 32. Nb7 Ra3 33. Rf2 Rc3 34. Nd6
Re6 35. Rd2 b3 36. cxb3 Rxb3 37. Rc2 Rb6 38. Nc8 Ra6 39. Nd6 Kf8 40. Rb2 c5 41.
Rb8+ Kg7 42. Ne8+ Kh7 43. Kf2 Ra2+ 44. Ke3 c4 45. Nd6 Ra3+ 46. Ke2 Rf6 47. Nxc4
Raxf3 48. Nxe5 Rxg3 49. Re7 Rf4 50. Nd7 Ng4 51. Nf8+ Kh6 0-1

[Event "M.Chigorin Memorial"]
[Site "St. Petersburg RUS"]
[Date "2009.10.19"]
[Round "4.124"]
[White "Gantsevich, Aleksei"]
[Black "Fokin, Anatoly"]
[Result "0-1"]
[WhiteElo "2096"]
[BlackElo "1912"]
[PlyCount "104"]
[EventDate "2009.??.??"]

1. d4 Nf6 2. Nf3 g6 3. c4 Bg7 4. Nc3 O-O 5. e4 d6 6. Be2 Nbd7 7. O-O e5 8. Be3
Ng4 9. Bg5 f6 10. Bc1 Nh6 11. dxe5 Nxe5 12. Nd4 Bd7 13. f4 Nc6 14. f5 Qe8 15.
Ncb5 Rc8 16. c5 a6 17. Nxc6 axb5 18. Na7 Ra8 19. Qb3+ Kh8 20. Nxb5 Qxe4 21. Bd3
Qe5 22. Bf4 Qxc5+ 23. Kh1 Bxb5 24. Bxh6 Bxd3 25. Bxg7+ Kxg7 26. Qxd3 d5 27.
Rac1 Qd6 28. a3 c5 29. Qb5 b6 30. Rce1 gxf5 31. Rxf5 d4 32. Rf3 Rad8 33. Qd3
Rde8 34. Ref1 Re7 35. g4 Qd5 36. Kg1 c4 37. Qd2 d3 38. g5 f5 39. Qb4 Qd4+ 40.
Kh1 Ref7 41. Qd2 b5 42. R1f2 Re8 43. Kg2 Kg6 44. h4 Qxh4 45. Rh3 Qe4+ 46. Kh2
Qe1 47. Rh6+ Kg7 48. Rxh7+ Kxh7 49. g6+ Kxg6 50. Rg2+ Kh7 51. Qg5 Qe5+ 52. Kg1
Qe3+ 0-1

[Event "M.Chigorin Memorial"]
[Site "St. Petersburg RUS"]
[Date "2009.10.19"]
[Round "4.125"]
[White "Jarvinen, Seppo"]
[Black "Abramichev, Artyom"]
[Result "0-1"]
[WhiteElo "1907"]
[BlackElo "2019"]
[PlyCount "60"]
[EventDate "2009.??.??"]

1. e4 c5 2. Nf3 d6 3. Bc4 Nf6 4. Nc3 g6 5. e5 dxe5 6. Nxe5 e6 7. d3 Bg7 8. Be3
Qe7 9. Qf3 Nfd7 10. Nxd7 Nxd7 11. O-O O-O 12. Qg3 h6 13. Rae1 Kh7 14. Bf4 e5
15. Bd2 Qd6 16. Ne4 Qc6 17. Qh4 f6 18. f4 b5 19. Bxb5 Qxb5 20. f5 g5 21. Bxg5
fxg5 22. Nxg5+ Kh8 23. Ne6 Rf6 24. Re3 Bb7 25. Rg3 Rg8 26. Rg6 Rxg6 27. fxg6
Qc6 28. Qh3 Qxg2+ 29. Qxg2 Bxg2 30. Kxg2 Bf6 0-1

[Event "M.Chigorin Memorial"]
[Site "St. Petersburg RUS"]
[Date "2009.10.19"]
[Round "4.126"]
[White "Stroganov, Anatoly"]
[Black "Zhak, Boris"]
[Result "0-1"]
[WhiteElo "1890"]
[BlackElo "1983"]
[PlyCount "104"]
[EventDate "2009.??.??"]

1. d4 d5 2. Nf3 Nf6 3. Bg5 Bf5 4. Nbd2 Nbd7 5. c3 h6 6. Bh4 e6 7. Ne5 Be7 8.
Nxd7 Nxd7 9. Bg3 Bd6 10. Bxd6 cxd6 11. f3 Qh4+ 12. g3 Qg5 13. Kf2 O-O 14. Bg2
Nf6 15. Rc1 e5 16. h4 Qg6 17. g4 Bxg4 18. dxe5 dxe5 19. Qa4 Bd7 20. Qb4 Bc6 21.
Rcg1 a5 22. Qb3 Nh5 23. Bh3 Qf6 24. Bf1 e4 25. Qb6 Rfe8 26. e3 exf3 27. Bd3 Re6
28. Qd4 Rae8 29. Nf1 Qxd4 30. cxd4 Rf6 31. Nh2 Bd7 32. Nxf3 Bf5 33. Bxf5 Rxf5
34. Re1 Nf6 35. Ke2 Ng4 36. Ne5 Nxe5 37. dxe5 Rfxe5 38. Kd3 Re4 39. Rh3 d4 40.
Re2 Rxe3+ 41. Rhxe3 Rxe3+ 42. Rxe3 dxe3 43. Kxe3 g5 44. hxg5 hxg5 45. Ke4 Kg7
46. Kf5 Kh6 47. a4 Kh5 48. Ke5 g4 49. Kd6 g3 50. Kc7 g2 51. Kxb7 g1=Q 52. Ka6
Qc5 0-1

[Event "M.Chigorin Memorial"]
[Site "St. Petersburg RUS"]
[Date "2009.10.19"]
[Round "4.127"]
[White "Yurenok, Maria S"]
[Black "Mamedov, Elmin"]
[Result "1/2-1/2"]
[WhiteElo "1981"]
[BlackElo "1831"]
[PlyCount "65"]
[EventDate "2009.??.??"]

1. d4 Nf6 2. Nf3 d6 3. Bg5 g6 4. Nbd2 Bg7 5. e4 O-O 6. c3 Nbd7 7. Be2 c5 8. O-O
Qc7 9. h3 e5 10. dxe5 Nxe5 11. Qc2 Be6 12. Ne1 h6 13. Be3 Nc6 14. f4 Rfe8 15.
Bf3 Na5 16. b3 Rad8 17. Rd1 h5 18. c4 Nc6 19. Nd3 Nd7 20. Rde1 Nd4 21. Bxd4
Bxd4+ 22. Kh1 Nf6 23. Bd1 Bc8 24. Bf3 b6 25. Nc1 Bb7 26. Qd3 Qe7 27. Re2 Qc7
28. a4 a6 29. Na2 Re7 30. Nc3 Rde8 31. Nd5 Nxd5 32. cxd5 Qd8 33. Rfe1 1/2-1/2

[Event "M.Chigorin Memorial"]
[Site "St. Petersburg RUS"]
[Date "2009.10.19"]
[Round "4.128"]
[White "Pischikov, Vadim"]
[Black "Tropin, Nikolay"]
[Result "1-0"]
[WhiteElo "1959"]
[BlackElo "1798"]
[PlyCount "61"]
[EventDate "2009.??.??"]

1. d4 d5 2. Nf3 Nf6 3. c4 e6 4. g3 g6 5. Bg2 Bg7 6. O-O O-O 7. cxd5 exd5 8. Nc3
c6 9. Bf4 Bf5 10. Qb3 Qc8 11. Rac1 Nbd7 12. Nb5 Ne8 13. Bd6 Nxd6 14. Nxd6 Qc7
15. Nxf5 gxf5 16. Bh3 f4 17. gxf4 Nb6 18. e3 Kh8 19. Kh1 Rg8 20. Qc2 Bf6 21.
Rg1 Rg7 22. Rxg7 Kxg7 23. Qf5 Qd6 24. Rg1+ Kh8 25. Qh5 Qf8 26. Bf5 h6 27. Ng5
Bxg5 28. fxg5 Qg7 29. gxh6 Qf6 30. h7 Rf8 31. Qg4 1-0

[Event "M.Chigorin Memorial"]
[Site "St. Petersburg RUS"]
[Date "2009.10.19"]
[Round "4.129"]
[White "Pitkanen, Juhani"]
[Black "Kozlov, Mikhail"]
[Result "1/2-1/2"]
[WhiteElo "1775"]
[BlackElo "1956"]
[PlyCount "80"]
[EventDate "2009.??.??"]

1. d4 e6 2. c4 f5 3. Nc3 Bb4 4. Qc2 Nf6 5. Bd2 O-O 6. e3 c5 7. Nf3 b6 8. Be2
Bb7 9. O-O Ne4 10. a3 Bxc3 11. Bxc3 d6 12. Rad1 Nd7 13. b4 Qe7 14. Bb2 g5 15.
Ne1 g4 16. f3 Nef6 17. Qb3 cxd4 18. exd4 gxf3 19. Bxf3 Ne4 20. d5 exd5 21. cxd5
Ne5 22. Bxe4 fxe4 23. Rxf8+ Rxf8 24. Qg3+ Kf7 25. Bxe5 Qxe5 26. Qxe5 dxe5 27.
Nc2 Ke7 28. Ne3 Ba6 29. Rc1 Rc8 30. Rxc8 Bxc8 31. Nc4 Bb7 32. d6+ Kd7 33. Kf2
Bd5 34. Nxe5+ Kxd6 35. Ng4 Be6 36. Nf6 Bf5 37. Ke3 Ke5 38. Ne8 a6 39. h3 Bd7
40. Ng7 Bb5 1/2-1/2

[Event "M.Chigorin Memorial"]
[Site "St. Petersburg RUS"]
[Date "2009.10.19"]
[Round "4.130"]
[White "Belsky, Artyom"]
[Black "Azimova, Karina"]
[Result "0-1"]
[WhiteElo "1528"]
[BlackElo "1943"]
[PlyCount "52"]
[EventDate "2009.??.??"]

1. d4 d5 2. c4 e6 3. Nc3 c5 4. cxd5 exd5 5. dxc5 d4 6. Ne4 Nc6 7. Bf4 Bxc5 8.
Nf3 Bb4+ 9. Nfd2 Qe7 10. Qc2 Bf5 11. Nd6+ Bxd6 12. Qxf5 Bxf4 13. Qxf4 Nf6 14.
g3 d3 15. a3 dxe2 16. Bxe2 O-O 17. Kf1 Rad8 18. Rd1 Rfe8 19. Bb5 Rd4 20. Qe3
Qd6 21. Qc3 Ne4 22. Re1 Nxd2+ 23. Qxd2 Rxe1+ 24. Qxe1 Rd1 25. Kg2 Rxe1 26. Rxe1
g6 0-1

[Event "M.Chigorin Memorial"]
[Site "St. Petersburg RUS"]
[Date "2009.10.20"]
[Round "5.1"]
[White "Deviatkin, Andrei"]
[Black "Kurnosov, Igor"]
[Result "1/2-1/2"]
[WhiteElo "2593"]
[BlackElo "2669"]
[PlyCount "24"]
[EventDate "2009.??.??"]

1. e4 e5 2. Nf3 Nc6 3. Bb5 a6 4. Bxc6 dxc6 5. O-O Be7 6. d4 exd4 7. Nxd4 Nf6 8.
f3 O-O 9. Be3 Re8 10. Qe2 Bd6 11. Nd2 Qe7 12. Nc4 c5 1/2-1/2

[Event "M.Chigorin Memorial"]
[Site "St. Petersburg RUS"]
[Date "2009.10.20"]
[Round "5.3"]
[White "Kazhgaleyev, Murtas"]
[Black "Yemelin, Vasily"]
[Result "1-0"]
[WhiteElo "2643"]
[BlackElo "2570"]
[PlyCount "73"]
[EventDate "2009.??.??"]

1. d4 Nf6 2. c4 e6 3. Nf3 d5 4. Nc3 Bb4 5. cxd5 exd5 6. Bg5 Nbd7 7. e3 c5 8.
Be2 Qa5 9. O-O Bxc3 10. bxc3 c4 11. Nd2 Qxc3 12. e4 Nxe4 13. Nxe4 dxe4 14. Rc1
Qa5 15. Bd2 Qf5 16. Bb4 a5 17. Ba3 b5 18. f3 Qg5 19. Rc3 b4 20. Bc1 Qe7 21. Re3
O-O 22. fxe4 c3 23. Rg3 Kh8 24. e5 Ba6 25. Rh3 Bxe2 26. Qxe2 Qe6 27. Qd3 Qg6
28. Rf5 Rfd8 29. Qe4 Nf8 30. d5 a4 31. e6 b3 32. axb3 axb3 33. e7 b2 34. Bxb2
Re8 35. exf8=Q+ Rxf8 36. Bxc3 Rfe8 37. Qd4 1-0

[Event "M.Chigorin Memorial"]
[Site "St. Petersburg RUS"]
[Date "2009.10.20"]
[Round "5.4"]
[White "Chadaev, Nikolai"]
[Black "Volkov, Sergey"]
[Result "1/2-1/2"]
[WhiteElo "2561"]
[BlackElo "2616"]
[PlyCount "115"]
[EventDate "2009.??.??"]

1. Nf3 d5 2. c4 d4 3. g3 c5 4. Bg2 Nc6 5. O-O e5 6. d3 Bd6 7. e3 Nge7 8. exd4
exd4 9. Ng5 O-O 10. Ne4 Bf5 11. Nbd2 Ne5 12. Nxd6 Qxd6 13. Ne4 Qc7 14. f4 Bg4
15. Qb3 N5g6 16. Nf2 Bc8 17. Bd2 Nf5 18. Rfe1 a5 19. Ne4 Bd7 20. Qd1 Rad8 21.
Qh5 b6 22. Re2 Rfe8 23. Rae1 Qc8 24. Qf3 h6 25. Qf2 Qc7 26. h4 Nge7 27. h5 Nc6
28. g4 Ne3 29. Bxe3 dxe3 30. Rxe3 Nd4 31. f5 Bc6 32. Nc3 Rxe3 33. Rxe3 Bxg2 34.
Qxg2 Qf4 35. Qg3 Qxg3+ 36. Rxg3 Kf8 37. Kf2 Ke7 38. Re3+ Kd6 39. a4 Nc2 40.
Nb5+ Kd7 41. Re4 Nb4 42. d4 Nd3+ 43. Ke2 Nxb2 44. d5 Re8 45. Rxe8 Kxe8 46. f6
gxf6 47. Nd6+ Kd7 48. Nxf7 Nxc4 49. Nxh6 b5 50. Nf5 bxa4 51. h6 Ne5 52. h7 Ng6
53. Kd3 a3 54. Ne3 a2 55. Nc2 f5 56. gxf5 Nh8 57. Ke4 Kd6 58. f6 1/2-1/2

[Event "M.Chigorin Memorial"]
[Site "St. Petersburg RUS"]
[Date "2009.10.20"]
[Round "5.5"]
[White "Negi, Parimarjan"]
[Black "Evdokimov, Alexander A"]
[Result "1/2-1/2"]
[WhiteElo "2615"]
[BlackElo "2556"]
[PlyCount "138"]
[EventDate "2009.??.??"]

1. e4 c6 2. d4 d5 3. Nc3 dxe4 4. Nxe4 Nd7 5. Bd3 Ngf6 6. Ng5 e6 7. N1f3 Bd6 8.
Qe2 h6 9. Ne4 Nxe4 10. Qxe4 Nf6 11. Qh4 Ke7 12. Ne5 Bxe5 13. dxe5 Qa5+ 14. c3
Qxe5+ 15. Be3 b6 16. O-O-O Rd8 17. g4 Qa5 18. g5 hxg5 19. Bxg5 Ba6 20. Bc2 Be2
21. Rde1 Bd3 22. Bxd3 Rxd3 23. Bxf6+ gxf6 24. Rxe6+ fxe6 25. Qh7+ Kd8 26. Qxd3+
Qd5 27. Rd1 Qxd3 28. Rxd3+ Ke7 29. Rh3 Rg8 30. Rh7+ Kd6 31. Kd2 a5 32. h4 Rg1
33. h5 Rb1 34. b3 Rb2+ 35. Ke3 Rxa2 36. f3 Rc2 37. Kd4 Rh2 38. h6 Rh4+ 39. Kd3
f5 40. Rh8 Ke5 41. Ke3 Rh3 42. h7 c5 43. c4 f4+ 44. Ke2 Rh4 45. Kd2 Rh2+ 46.
Kd3 Rh6 47. Ke2 Rh3 48. Kd2 Kf6 49. Ke2 Kf7 50. Kd3 Rxf3+ 51. Ke4 Rh3 52. Kxf4
Kg6 53. Rb8 Rxh7 54. Ke5 Rh5+ 55. Kxe6 Rh6 56. Rg8+ Kh7+ 57. Kf7 Rd6 58. Rb8
Rh6 59. Rb7 Kh8 60. Ke8 a4 61. bxa4 Rh4 62. Rxb6 Rxc4 63. a5 Ra4 64. a6 c4 65.
Kf7 Kh7 66. Rc6 c3 67. Rxc3 Rxa6 68. Rh3+ Rh6 69. Rxh6+ Kxh6 1/2-1/2

[Event "M.Chigorin Memorial"]
[Site "St. Petersburg RUS"]
[Date "2009.10.20"]
[Round "5.6"]
[White "Yakovich, Yuri"]
[Black "Fedorov, Alexei"]
[Result "0-1"]
[WhiteElo "2576"]
[BlackElo "2600"]
[PlyCount "94"]
[EventDate "2009.??.??"]

1. d4 Nf6 2. c4 g6 3. g3 Bg7 4. Bg2 O-O 5. Nc3 d6 6. Nf3 Nc6 7. O-O a6 8. d5
Na5 9. Nd2 c5 10. Qc2 Rb8 11. b3 e5 12. Bb2 b5 13. Rae1 h5 14. e4 h4 15. Ne2
hxg3 16. hxg3 Bh6 17. Bc3 Ng4 18. Bf3 b4 19. Bb2 Qg5 20. Bxg4 Qxg4 21. Qd3 f5
22. f3 Qh5 23. Rf2 Bxd2 24. Qxd2 fxe4 25. g4 Qh4 26. Rh2 e3 27. Rxh4 exd2 28.
Rd1 Rxf3 29. Rxd2 Bd7 30. Kg2 Rbf8 31. Ng3 R3f4 32. Bc1 Bxg4 33. Kg1 Bf3 34.
Rh6 Rg4 35. Rdh2 Rxg3+ 36. Kf2 Rg2+ 37. Rxg2 Bxd5+ 38. Ke3 Bxg2 39. Rxg6+ Kf7
40. Rxg2 Rh8 41. Ke4 Rh4+ 42. Kf5 Nc6 43. Kg5 Rh1 44. Rf2+ Ke6 45. Rf6+ Ke7 46.
Be3 Rh3 47. Bf2 Nd4 0-1

[Event "M.Chigorin Memorial"]
[Site "St. Petersburg RUS"]
[Date "2009.10.20"]
[Round "5.7"]
[White "Harikrishna, P."]
[Black "Romanov, Evgeny"]
[Result "1/2-1/2"]
[WhiteElo "2673"]
[BlackElo "2588"]
[PlyCount "139"]
[EventDate "2009.??.??"]

1. e4 e5 2. Nf3 Nc6 3. Bb5 Nf6 4. d3 Bc5 5. Bxc6 dxc6 6. O-O Nd7 7. Nbd2 O-O 8.
Nc4 Re8 9. Bd2 f6 10. Nh4 Nf8 11. Be3 Bd6 12. Qf3 Be6 13. Qg3 Kh8 14. Rad1 c5
15. Nxd6 cxd6 16. f4 exf4 17. Rxf4 Qb6 18. b3 Qa5 19. a4 Qc3 20. Rf2 Rad8 21.
Rdf1 d5 22. Bd2 Qe5 23. Bf4 Qh5 24. e5 fxe5 25. Bxe5 Ng6 26. Nxg6+ Qxg6 27. Qh4
Rd7 28. Rf6 gxf6 29. Rxf6 Qg7 30. Rxe6 Rxe6 31. Bxg7+ Kxg7 32. Qg3+ Rg6 33.
Qe5+ Kf7 34. Qh8 Ke6 35. a5 b6 36. Qb8 Ke7 37. h4 bxa5 38. Qc8 Kd6 39. h5 Rg4
40. h6 Rg6 41. Qa6+ Ke5 42. Qxa5 Kd6 43. c3 Rc7 44. Qa4 Ke7 45. Qf4 Kd7 46. Kh2
Kc6 47. g4 d4 48. cxd4 cxd4 49. Qe4+ Kc5 50. Qe5+ Kc6 51. g5 Rd7 52. Kg3 Kb7
53. Kg4 Rb6 54. Qe8 Kc7 55. Qa8 a6 56. b4 Rc6 57. Qe8 Rb6 58. Qe5+ Kb7 59. Qf5
Kc7 60. Kh4 Rc6 61. Qe5+ Kb7 62. b5 axb5 63. Qxb5+ Kc7 64. Kg4 Rb6 65. Qa4 Rc6
66. Qa5+ Kb7 67. Kf4 Rf7+ 68. Ke5 Rd7 69. Qb5+ Kc7 70. Qa5+ 1/2-1/2